| 000 | 00949nam a2200289 4500 | ||
|---|---|---|---|
| 003 | EG-GICUC | ||
| 005 | 20260402110313.0 | ||
| 008 | 260304s1975 xxu |||f |||| 00| 0 eng d | ||
| 040 |
_a EG-GICUC _beng _c EG-GICUC _d EG-GICUC _erda |
||
| 082 | 0 | 4 |
_a341.1 _bS T . L _221 |
| 092 | 0 | 4 | _221 |
| 099 | _aLaw1 11 341.1 S T . L 1975 | ||
| 100 | 1 |
_aStatsky William P. _eAuthor. |
|
| 245 |
_aLegislative Analysis: How To Use Statutes And Regulations / _cBy William P. Statsky; David Matz, Editor. |
||
| 264 |
_aSt. Paul, Minn: _bWest Publishing Co., _c1975. |
||
| 300 |
_a216 Pages ; _c24 Cm. |
||
| 336 |
_2rda content _atext |
||
| 337 |
_2rda media _aComputer |
||
| 338 |
_2rda carrier _aOnline Resource |
||
| 546 | _aText in English | ||
| 650 | 1 | 4 |
_aPublic international law _2qrmak |
| 651 | 1 | _2qrmak | |
| 700 | 1 |
_aMatz David _eeditor. |
|
| 856 | 4 | 0 | _uhttps://fll.law.cu.edu.eg/fulltext/bks/B11-08468.pdf |
| 905 | _a64 | ||
| 942 |
_2ddc _cBK _e21 _n0 |
||
| 999 |
_c64895 _d64895 |
||